| 000 | 00759nam a22002297a 4500 | ||
|---|---|---|---|
| 003 | UA-OsUOA | ||
| 001 | 50963 | ||
| 007 | ta | ||
| 008 | 20140716b un ||||| |||| 00| 0 ukr d | ||
| 090 |
_a01 _bБ67 |
||
| 942 | _cBK | ||
| 040 |
_aUA-OsUOA _bukr _cUA-OsUOA _dUA-OsUOA |
||
| 245 |
_aБібліографія праць професора Євгена Онацького (1917-1964) _cУложив М. Гаврилюк |
||
| 300 | _a60 с. | ||
| 955 | _a1 | ||
| 041 | _aukr | ||
| 080 | _a01 | ||
| 260 |
_aБуенос-Айрес _c1964 |
||
| 650 | 7 |
_a01 Бібліографія і бібліографії. Каталоги _2UDC |
|
| 999 |
_c431094 _d431094 |
||